000
00290nam a2200133 4500
005
20250623140730.0
008
AV
050
_a
BS413
_b
BIB
245
_a
THE BIBLE IN OUTLINE
260
_a
LONDON
_b
SCRIPYURE UNION
_c
c1985
300
_a
286p
710
_a
SCRIPTURE UNION
942
_2
lcc
_c
BK
_n
0
999
_c
6639
_d
6639